| 000 | 00838nam a22002537a 4500 | ||
|---|---|---|---|
| 005 | 20170123162351.0 | ||
| 010 | _aA-697388 | ||
| 020 | _c60.00 | ||
| 035 | _aA-697388 | ||
| 037 | _bCen Lib / Ret | ||
| 040 |
_aDPL _bUR |
||
| 082 |
_a070 _bب ر و |
||
| 100 |
_aردولوی، پروانہ _9111779 |
||
| 245 |
_a/ اردو صحافت کا استفاثا _cپروانہ ردولوی |
||
| 246 |
_aUrdu shafat ka istfasa / _bParwana Ridaulvi |
||
| 260 |
_aنی دلہی _bحیا پبلشنگ ہاؤس _c1994 |
||
| 270 |
_aحوس مالویہ نگر _bنی دلہی _e110017 |
||
| 300 |
_a96p. _c20cm (Hb) |
||
| 650 |
_aاردوادب _9137168 |
||
| 650 |
_aاردو تعلیم _9137169 |
||
| 650 |
_aUrdu Literature _9137170 |
||
| 650 |
_aUrdu-- Education _9114094 |
||
| 942 |
_2ddc _cUR _h070 _mب ر و |
||
| 999 |
_c109282 _d109282 |
||